000 03442cam a2200433 i 4500
999 _c64333
_d64333
001 768714001
003 CO-MdFUSB
005 20180727114554.0
008 990827s2000 miu bdi 000 0 eng
010 _a99046459
020 _a0802838839
020 _a0802846815 (pbk. : alk. paper)
020 _a9004114777 (Brill)
040 _aDLC
_cCO-MdFUSB
_dOrLoB-B
_bspa
_erda
041 0 _aeng
041 0 _aeng
_hgrc
082 _223
_a888.01
_bF488ph
100 1 _aBorgen, Peder.
_eautor
245 1 4 _aThe Philo index :
_ba complete Greek word index to the writings of Philo of Alexandria /
_cPeder Borgen, Kåre Fuglseth, Roald Skarsten.
264 1 _aGrand Rapids, Mich. ;
_aCambridge, U.K. :
_aWilliam B. Eerdmans Pub. ;
_aLeiden ;
_aBoston :
_bBrill,
_c[2000]
264 4 _c©2000
300 _axi, 371 páginas. ;
_c29 cm.
336 _2rdacontent
_atexto
_btxt
337 _2rdamedia
_asin mediación
_bn
338 _2rdacarrier
_avolumen
_bnc
504 _aIncluye referencias bibliográficas.
520 1 _a"This new reference work is the first and only available index to all the Greek words in the writings of Philo, main fragments included. Designed specifically to aid with scholarly research on Philo, this lemmatized and computer-generated concordance lists each Greek word alphabetically, followed by an exhaustive listing of every occurrence of the term within Philo's extensive corpus." "Based on the four major text editions of Philo's writings - Cohn-Wendland (1896-1915), Colson (1941), Petit (1978), and Paramelle (1984) - this index facilitates word study by incorporating contracted words and words with variant spellings into a single listing. It also notes supplementary lemmas and other grammatical variations in brackets after the primary entry." "The Philo Index will be a valuable addition to research and academic libraries and an indispensable tool for scholars and students of Philo."--BOOK JACKET.
520 1 _a"Este nuevo trabajo de referencia es el primer y único índice disponible para todas las palabras griegas en las escrituras de Philo, incluidos los principales fragmentos. Diseñado específicamente para ayudar con la investigación académica de Philo, esta concordancia generada por computadora y lematizada enumera alfabéticamente cada palabra griega, seguido de una lista exhaustiva de cada ocurrencia del término dentro del extenso corpus de Philo ". "Basado en las cuatro ediciones de texto principales de los escritos de Philo: Cohn-Wendland (1896-1915), Colson (1941), Petit (1978) y Paramelle (1984), este índice facilita el estudio de las palabras al incorporar palabras contraídas y palabras con variantes. deletrea en una sola lista. También nota lemas suplementarios y otras variaciones gramaticales en corchetes después de la entrada principal. " "El índice de Philo será una valiosa adición a las bibliotecas académicas y de investigación, y una herramienta indispensable para los académicos y estudiantes de Philo". - BOOK JACKET.
563 _aRústico.
600 0 0 _aPhilo,
_cof Alexandria
_vConcordancia.
650 0 _aGreek language
_vGlossaries, vocabularies, etc.
653 _aLenguaje griego -- Índices.
653 _aLenguaje griego -- índices, vocabularios, etc.
700 1 _aFuglseth, Kåre.
_eautor
700 1 _aSkarsten, Roald.
_eautor
942 _cREF